Science Quiz

Random Science or Biology Quiz

Biology Grab Bag Quiz Stats

 Plays Quiz Updated Jan 11, 2016

Challenge
Share
Tweet
Embed
Score 0/30 Timer 08:00
1 Play Today
% Correct
Photosynthesis
93.3%
Kidneys
84.3%
Extinct
79.6%
Aorta
74.8%
23
74.2%
Nucleus
71.6%
Elephant (18-22 months)
66.3%
Mitosis
54.1%
Insects
51.8%
Stomata
47%
Pancreas
45.7%
Alleles
42.1%
Archaea
41.4%
Carnivorous
37.4%
Temporal lobe
35.3%
% Correct
Biodiversity
31.5%
Arachnida
29.2%
Primates
27.4%
Introns
25.5%
Schwann cells
24.8%
Gram staining
23.2%
Dicotyledonous
21.7%
Escherichia
20.1%
Prions
18.2%
Pioneer species
13.3%
Taq polymerase
10.8%
Transect
7.1%
Species richness
5.7%
Sclereids
2.7%
Nidifugous organisms
1.1%

You're not logged in!

Compare scores with friends on all Sporcle quizzes.
Join for Free
OR
Log In

You Might Also Like...

Show Comments

Extras

Top Quizzes Today


Score Distribution

Your Account Isn't Verified!

In order to create a playlist on Sporcle, you need to verify the email address you used during registration. Go to your Sporcle Settings to finish the process.

Report this User

Report this user for behavior that violates our Community Guidelines.

Details: